| 000 | 00817 a2200169 4500 | ||
|---|---|---|---|
| 003 | Nust | ||
| 005 | 20230302094806.0 | ||
| 040 | _cNust | ||
| 082 | _a327.17, MAN | ||
| 100 |
_aMandel, Robert _91835 |
||
| 245 |
_aThe Meaning of Military Victory (DNT) _cRobert Mandel |
||
| 260 |
_aServices Book Club _bRawalpindi _c2009 |
||
| 300 | _a189 p | ||
| 505 | _aIntroduction: Military Victory and Strategies Victory (Page-1), Modern Victory in Historical Context (Page-35), morality and Victory (Page-53), Misconceptions surrounding Victory (Page-75), Victory in recent War? (Page-97), Victory Challenges in Contemporary Warfare (Page-115), Special Victory Challenges in Unconventional Wars (Page-131), Conclusion: Managing Strategies Victory (Page-161). | ||
| 650 |
_aMeaning of Military Victory _91836 |
||
| 942 |
_2ddc _cBK |
||
| 999 |
_c217594 _d217594 |
||